000
00349nam a2200133Ia 4500
008
151001s9999||||xx |||||||||||||| ||und||
100
_a
W M. Thayer
245
_a
Lag-cabin to whote House
250
_a
-
260
_b
F.L.B. House
260
_c
1937
300
_a
189
365
_b
7
999
_c
949633
_d
949630